<?xml version="1.0" encoding="UTF-8"?>
<marc:record xmlns:marc="http://www.loc.gov/MARC21/slim">
   <marc:leader>00000nam a2200000 a 4500</marc:leader>
   <marc:datafield ind1=" " ind2=" " tag="653">
      <marc:subfield code="a">Kinderbuch</marc:subfield>
   </marc:datafield>
   <marc:datafield ind1=" " ind2=" " tag="653">
      <marc:subfield code="a">Junge</marc:subfield>
   </marc:datafield>
   <marc:datafield ind1=" " ind2=" " tag="653">
      <marc:subfield code="a">Hund</marc:subfield>
   </marc:datafield>
   <marc:datafield ind1=" " ind2=" " tag="653">
      <marc:subfield code="a">Suche</marc:subfield>
   </marc:datafield>
   <marc:datafield ind1=" " ind2=" " tag="653">
      <marc:subfield code="a">Verirren</marc:subfield>
   </marc:datafield>
   <marc:datafield ind1="0" ind2="0" tag="245">
      <marc:subfield code="a">Eine Melodie für Charlotte</marc:subfield>
   </marc:datafield>
   <marc:datafield ind1="0" ind2="0" tag="245">
      <marc:subfield code="b">mit Hörbuch und Musik auf CD ; für Kinder ab 3 Jahren</marc:subfield>
   </marc:datafield>
   <marc:datafield ind1=" " ind2="1" tag="264">
      <marc:subfield code="b">Ed.-o</marc:subfield>
      <marc:subfield code="c">2011</marc:subfield>
   </marc:datafield>
   <marc:datafield ind1="1" ind2=" " tag="520">
      <marc:subfield code="a">Erscheinungstermin: September 2011 




Alles beginnt am Zuckererbsen See, wo das Blockhaus von Max's Großvater steht. Max hat gerade seine tägliche Flötenstunde beendet – er übt jeden Tag, auch in den Ferien. Jetzt ist es wieder ganz still geworden. Max kann sogar die sanften Wellen hören, die um die Felsen am Pier streichen. Plötzlich hört er lautes, ängstliches Wimmern von der anderen Seite des Sees. Frau Vogelweide glaubt, es sei ein Stinktier. In Wirklichkeit aber ist es Charlotte, der neue Hund von Max, der davongelaufen war. Bis zum Sonnenuntergang wird es Max aber nicht gelingen, seinen geliebten Hund wiederzufinden. Der Großvater hat eine Idee: Max soll die Lieblings-Melodie der beiden so lange auf der Flöte spielen, bis Charlotte sie hört und hoffentlich dadurch den Weg wieder zurückfindet. Ob der Plan wohl gelingen wird? Max glaubt fest daran</marc:subfield>
   </marc:datafield>
   <marc:datafield ind1=" " ind2=" " tag="020">
      <marc:subfield code="a">9783990220283</marc:subfield>
      <marc:subfield code="9">9783990220283</marc:subfield>
   </marc:datafield>
</marc:record>
